Movie Franchises by Subtitle #4 - Statistics

General Stats
  • This quiz has been taken 105 times
  • The average score is 8 of 15
Answer Stats
Subtitle Movie Franchise % Correct
The Goblet of Fire Harry Potter
97%
A Space Odyssey 2001
82%
Rise of the Silver Surfer Fantastic Four
78%
The Last Crusade Indiana Jones
77%
Pet Detective Ace Ventura
72%
With a Vengeance Die Hard
69%
Rodrick Rules Diary of a Wimpy Kid
62%
Red, White, and Blonde Legally Blonde
60%
Prince of Thieves Robin Hood
60%
A True Underdog Story Dodgeball
48%
Spirit of Vengeance Ghostrider
40%
Secret of the Ooze Teenage Mutant Ninja Turtles
38%
Return of Xander Cage XXX
34%
Pitch Black Chronicles of Riddick
17%
Summer Vacation Hotel Transylvania
9%
No matching quizzes found
Score Distribution
Percent of People with Each Score
Percentile by Number Answered
Your Score History
You have not taken this quiz